| 000 | 01586nam a2200301 a 4500 | ||
|---|---|---|---|
| 003 | AM-YEHGA | ||
| 005 | 20260403152027.0 | ||
| 008 | 130522m18861887ru |||||r|||||001|0|rus|| | ||
| 040 | _aAM-YEHGA | ||
| 041 | 1 |
_arus _hlat |
|
| 100 | 1 |
_aТацит, Корнелий, _dок. 56-ок. 117 |
|
| 245 | 1 | 0 |
_aСочинения Корнелия Тацита : _bТ. 1-2 / _c[Соч.] Корнелия Тацита ; рус. пер. с примеч. и со ст. о Таците и его сочинениях В.И. Модестова. |
| 246 | 1 | 3 | _aСочинения Корнелiя Тацита |
| 260 |
_aСанкт-Петербург : _bИзд. Л.Ф. Пантелеева, _c1886-1887. |
||
| 300 |
_aТом ; _c22 см. |
||
| 504 | _aБиблиогр. в подстроч. примеч. | ||
| 505 | 0 | 0 |
_gТ. 1 (1886, XX, 377 с.) : _tАгрикола. Германия. Истории |
| 505 | 0 | 0 |
_gТ. 2 (1886, IV, 577 с.) : _tЛетопись. Разговор об ораторах |
| 650 | 1 | 4 | _aИстория |
| 650 | 1 | 4 |
_aВсемирная история _xДревний мир |
| 650 | 1 | 4 |
_aАнтичный мир _zДревний Рим и Италия |
| 650 | 1 | 4 |
_aРимская империя (31 г. до н.э. - 476 г.) _xИсточники _xСочинения античных авторов |
| 650 | 1 | 4 | _aАнтичная литература |
| 650 | 1 | 4 |
_aРимская литература _y1-5 вв. н. э. |
| 700 | 1 |
_aМодестов, Василий Иванович, _eпер. _4trl _d1839-1907 |
|
| 942 |
_2udc _cBK |
||
| 001 | 860925 | ||
| 999 |
_c542073 _d542073 |
||